| 000 | 00350nam a22001217a 4500 | ||
|---|---|---|---|
| 999 |
_c1313 _d1313 |
||
| 005 | 20200828115245.0 | ||
| 008 | 200828b ||||| |||| 00| 0 eng d | ||
| 020 | _a0216908329 | ||
| 040 | _cCML | ||
| 245 |
_aIntroducing Science. _cJackson, S. |
||
| 260 |
_aLondon _bBlackie and son Ltd _c1980 |
||
| 942 |
_2ddc _cBK _e1st Edition _h574 _mJAC |
||